Canadian Prime Ministers by Picture - Statistics

General Stats
  • This quiz has been taken 74 times
  • The average score is 18 of 24
Answer Stats
Picture Answer % Correct
Justin Trudeau
98%
Mark Carney
94%
Pierre Trudeau
94%
Stephen Harper
92%
Brian Mulroney
90%
Kim Campbell
90%
Sir John A. MacDonald
88%
Jean Chrétien
83%
William Lyon Mackenzie King
83%
Sir Wilfrid Laurier
79%
Joe Clark
77%
Paul Martin
77%
Sir Robert Borden
73%
Lester B. Pearson
69%
John Diefenbaker
67%
Louis St. Laurent
67%
Alexander Mackenzie
65%
Sir Charles Tupper
58%
Arthur Meighen
56%
John Turner
56%
R.B. Bennett
56%
Sir John Abbott
54%
Sir John Thompson
52%
Sir Mackenzie Bowell
50%
No matching quizzes found
Score Distribution
Percent of People with Each Score
Percentile by Number Answered
Your Score History
You have not taken this quiz